书目信息 |
| 题名: |
工程制图及计算机绘图
|
|
| 作者: | 李明 主编 | |
| 分册: | ||
| 出版信息: | 合肥 合肥工业大学出版社 2005.08 |
|
| 页数: | 340页 | |
| 开本: | 20cm | |
| 丛书名: | ||
| 单 册: | ||
| 中图分类: | TB237 | |
| 科图分类: | ||
| 主题词: | ||
| 电子资源: | ||
| ISBN: | 7-81093-230-6 | |
| 000 | 00497nam0 2200169 450 | |
| 001 | 0662099171 | |
| 005 | 20060522161400.29 | |
| 010 | @a7-81093-230-6@dCNY 29.00 | |
| 100 | @a20060415d2005 km y0chiy0120 ea | |
| 101 | 0 | @achi |
| 200 | 1 | @a工程制图及计算机绘图@Agong cheng zhi tu ji ji suan ji hui tu@f李明主编@Fli ming zhu bian |
| 210 | @a合肥@c合肥工业大学出版社@d2005.08 | |
| 215 | @a340页@d20cm | |
| 690 | @aTB237@v4 | |
| 701 | 0 | @a李明@Ali ming@4主编 |
| 801 | 0 | @c20060522 |
| 905 | @a10447@dTB237@eL212 | |
| 工程制图及计算机绘图/李明主编.-合肥:合肥工业大学出版社,2005.08 |
| 340页;20cm |
| ISBN 7-81093-230-6:CNY 29.00 |
| ● |
| 相关链接 |
|
|
|
正题名:工程制图及计算机绘图
索取号:TB237/L212
 
预约/预借
| 序号 | 登录号 | 条形码 | 馆藏地/架位号 | 状态 | 备注 |
| 1 | 580265 | 205802657 | 自科库501/501自科库 7排4列1层/ [索取号:TB237/L212] | 在馆 | |
| 2 | 580266 | 205802666 | 自科库501/501自科库 7排4列1层/ [索取号:TB237/L212] | 在馆 | |
| 3 | 580267 | 205802675 | 自科库501/501自科库 7排4列1层/ [索取号:TB237/L212] | 在馆 | |
| 4 | 601100 | 206011000 | 自科库501/501自科库 7排4列1层/ [索取号:TB237/L212] | 在馆 | |
| 5 | 601101 | 206011019 | 自科库501/501自科库 7排4列1层/ [索取号:TB237/L212] | 在馆 |